00683nam a2200241Ia 4500008004100000020001800041082001600059100001800075245007000093260002900163300001000192650003100202650003100233700002100264700001700285700001700302700002100319700001900340700001700359700002300376700002000399700002200419220501s2018 xx 000 0 eng d a9789332587106 a658.8 GUP-M aGupta, Prachi 0aMarketing management :bIndian cases /cPrachi Gupta ... [et al.] aNoida :bPearson,c2018. avp. ; aCases - Marketing - Indian aMarketing - cases - Indian aAggarwal, Ashita aJacob, Isaac aJain, Varsha aKrishna, G Radha aMajra, Hufrish aNarang, Ritu aVenkatesh, Shanthi aA. Paul, Suresh aGoswami, Susobhan